000
00264nam a2200109Ia 4500
008
200302s9999 xx 000 0 und d
100
_a
Mark Raplt
245
_a
Greg Lynn Form
260
_b
Rizzoli Intrenational Publication Inc.
260
_c
2008
300
_a
367 P.,
999
_c
2588
_d
2588